| 000 | 01029nam a2200217 i 4500 | ||
|---|---|---|---|
| 001 | 187165 | ||
| 003 | SpMaBN | ||
| 005 | 20230906222830.0 | ||
| 008 | 170426s1860 sp c |||| | spa d | ||
| 080 | _a272-732.2:321 | ||
| 080 | _a327(450:456.31)"18" | ||
| 100 | 1 |
_aMora, Atilano de. _9162470 |
|
| 245 | 1 | 0 |
_aRoma y sus enemigos _b: o sea Historia del poder temporal del Papa : que comprende la fundación y sucesivo acrecentamiento de los Estados de la Iglesia, sus vicisitudes políticas... : y un cuadro comparativo de los cambios de dinastías y de las crisis ocurridas en los gobiernos de Europa... / _cpor D. Atilano de Mora. |
| 246 | 3 | 0 | _aHistoria del poder temporal del Papa |
| 260 |
_aBarcelona : _bLib. Católica Pons y C.ª, _c1860. |
||
| 300 |
_a382 p. : _b1 retr. ; _c24 cm. |
||
| 599 | _aRetr. de Pío IX. | ||
| 650 | 4 |
_aPapas- _xPoder temporal. _9153316 |
|
| 650 | 4 |
_aCuestión romana. _9149871 |
|
| 852 |
_aES-MaACL _jL-31495 _z- enc. cart. _z. - Donat. herederos de la bibl. de Mª del Pilar Costa Palacín |
||
| 999 |
_c187165 _d187165 |
||